Statistiche per Riconosci l'Anno dagli eventi - Quiz n°15

Clicka qui per fare il quiz!

Statistiche generali

  • Questo quiz è stato fatto 30 volte
  • Il punteggio medio è 9 su 10

Statistiche sulle risposte

IndizioRisposta% Corretto
AViene installata nell'isola di Guernsey la prima cassetta postale.
100%
BNorwich, Connecticut - Horace Smith e Daniel Wesson fondano la Smith & Wesson.
96%
C17 gennaio: Il Regno Unito riconosce l'indipendenza delle colonie boere del Transvaal.
91%
D17 marzo – Italia: Annibale De Gasparis scopre l'asteroide Psyche dalla cupola nord dell'Osservatorio Astronomico di Capodimonte
91%
F19 settembre – Italia: Annibale De Gasparis scopre l'asteroide 20 Massalia dalla cupola nord dell'Osservatorio Astronomico di Capodimonte.
87%
H2 dicembre – Francia: il Presidente della Repubblica Francese Luigi Napoleone Bonaparte diventa imperatore di Francia come Napoleone III.
87%
I7 dicembre: esecuzione dei Martiri di Belfiore.
87%
E11 luglio – Italia: viene creato il Corpo delle Guardie di Pubblica Sicurezza.
83%
G4 novembre – Italia: Camillo Benso, conte di Cavour, diviene per la prima volta Presidente del Consiglio dei ministri attuando il connubio tra la destra e la sinistra.
83%
Anno1852
57%

Distribuzione punteggi

Percentile per numero di risposta

Percentuale di utenti per punteggio

I tuoi punteggi nel tempo

Non hai fatto questo quiz